|
|
|
|
| LEADER |
00880nab a2200217 i 4500 |
| 001 |
publ33541 |
| 005 |
20250527093210.0 |
| 008 |
250527s1982 hu o 000 eng d |
| 022 |
|
|
|a 0344-3752
|
| 024 |
7 |
|
|a 2580488
|2 mtmt
|
| 040 |
|
|
|a SZTE Publicatio Repozitórium
|b hun
|
| 041 |
|
|
|a eng
|
| 100 |
1 |
|
|a Kuba A.
|
| 245 |
1 |
0 |
|a Picture processing possibilities in the experimental ECAT-software of SEGAMS [Bildverarbeitung mit einer ECAT-Experimentalsoftware für das „Szeged Gamma Camera System“ (SEGAMS)]
|h [elektronikus dokumentum] /
|c Kuba A.
|
| 260 |
|
|
|c 1982
|
| 300 |
|
|
|a 131-136
|
| 490 |
0 |
|
|a NUC COMPACT COMPACT NEWS IN NUCLEAR MEDICINE
|v 13 No. 3
|
| 650 |
|
4 |
|a Villamosmérnöki és informatikai tudományok
|
| 650 |
|
4 |
|a Általános orvostudomány
|
| 700 |
0 |
1 |
|a Csernay László
|e aut
|
| 856 |
4 |
0 |
|u http://publicatio.bibl.u-szeged.hu/33541/1/aok_klny_472_82.pdf
|z Dokumentum-elérés
|